Anh hùng thời đại Hồ Chí Minh Những tập thể Anh hùng

Saved in:
Bibliographic Details
Main Author: PHẠM GIA ĐỨC
Format: Book
Language:Undetermined
Published: H. QĐND 2002
Subjects:
Tags: Add Tag
No Tags, Be the first to tag this record!
Institutions: Trung tâm Học liệu Trường Đại học Cần Thơ
LEADER 00531nam a2200193Ia 4500
001 CTU_50735
008 210402s9999 xx 000 0 und d
082 |a 959.7043 
082 |b Đ552 
100 |a PHẠM GIA ĐỨC 
245 0 |a Anh hùng thời đại Hồ Chí Minh 
245 0 |b Những tập thể Anh hùng 
245 0 |c PHẠM GIA ĐỨC 
260 |a H. 
260 |b QĐND 
260 |c 2002 
650 |a vietnam 
650 |x armed force 
980 |a Trung tâm Học liệu Trường Đại học Cần Thơ